000 00602nam a2200205 4500
003 OSt
005 20260423013556.0
006 a
008 240725b |||||||| |||| 00| 0 eng d
020 _a9780071263573
040 _aDWCL-Main lib.
_cOC
082 _aCirc. 620.00151 M991e 2009
100 _aMusto, Joseph C.
245 _aEngineering computations : an introduction using MATLAB and Excel /
260 _aBoston :
_bMcGraw-Hill,
_cc2009.
300 _avi,
_b330 p. : ill. ;
_c23 cm.
504 _aIncludes Index.
650 _a1. Engineering mathematics.
942 _2ddc
_n0
_cBK-CIRC
_kCirc.
999 _c2705
_d2705